Vidal Việt Nam 1996

Đã lưu trong:
书目详细资料
格式: 图书
语言:Undetermined
出版: Tp. HCM Vidal 1996
主题:
标签: 添加标签
没有标签, 成为第一个标记此记录!
Thư viện lưu trữ: Trung tâm Học liệu Trường Đại học Cần Thơ
LEADER 00383nam a2200157Ia 4500
001 CTU_53371
008 210402s9999 xx 000 0 und d
082 |a 615.603 
082 |b V648 
245 0 |a Vidal Việt Nam 1996 
260 |a Tp. HCM 
260 |b Vidal 
260 |c 1996 
650 |a drugs 
650 |x catalogs 
980 |a Trung tâm Học liệu Trường Đại học Cần Thơ